Central Library OPAC University of Rajshahi

Kids and the TI-99/4A / (Record no. 275)

MARC details
000 -LEADER
fixed length control field 01090nam a2200325 a 4500
001 - CONTROL NUMBER
control field 275
003 - CONTROL NUMBER IDENTIFIER
rucl marc code BD-RjUL
005 - DATE AND TIME OF LATEST TRANSACTION
control field 20211208233139.0
008 - FIXED-LENGTH DATA ELEMENTS--GENERAL INFORMATION
fixed length control field 131117s1982 caua j 001 0 eng
020 ## - INTERNATIONAL STANDARD BOOK NUMBER
International Standard Book Number 0881900001 (pbk.) :
035 ## - SYSTEM CONTROL NUMBER
System control number (BD-RjUL)292
040 ## - CATALOGING SOURCE
Original cataloging agency DLC
Transcribing agency DLC
Modifying agency DLC
-- BD-RjUL
Language of cataloging eng
041 ## - LANGUAGE CODE
Language code of text/sound track or separate title eng
082 04 - DEWEY DECIMAL CLASSIFICATION NUMBER
Classification number 005.265
Edition number 20
Author mark and year CAK 1982
100 1# - MAIN ENTRY--PERSONAL NAME
Personal name Carlson, Edward H.
9 (RLIN) 895
245 10 - TITLE STATEMENT
Title Kids and the TI-99/4A /
Statement of responsibility, etc. Edward H. Carlson ; illustrated by Paul D. Trap.
260 ## - PUBLICATION, DISTRIBUTION, ETC. (IMPRINT)
Place of publication, distribution, etc. Chatsworth, CA :
Name of publisher, distributor, etc. Datamost,
Date of publication, distribution, etc. c1982 [printing 1983].
300 ## - PHYSICAL DESCRIPTION
Pagination 236 p. :
Illustrations ill. ;
Size 28 cm.
500 ## - GENERAL NOTE
General note Includes indexes.
526 ## - STUDY PROGRAM INFORMATION NOTE
Requested Dept. Computer Science.
650 #7 - SUBJECT ADDED ENTRY--TOPICAL TERM
Topical term or geographic name as entry element TI 99/4A (Computer)
General subdivision Programming
-- Juvenile literature.
Source of heading or term SLSH
9 (RLIN) 896
Topical term or geographic name as entry element BASIC (Computer program language)
General subdivision Juvenile literature.
9 (RLIN) 897
Topical term or geographic name as entry element TI 99/4A (Computer)
General subdivision Programming.
9 (RLIN) 898
Topical term or geographic name as entry element BASIC (Computer program language)
9 (RLIN) 899
Topical term or geographic name as entry element Programming (Computers)
9 (RLIN) 900
700 1# - ADDED ENTRY--PERSONAL NAME
Personal name Trap, Paul D.,
Relator term ill.
942 ## - ADDED ENTRY ELEMENTS (KOHA)
Source of classification or shelving scheme Dewey Decimal Classification
Koha item type Books
Holdings
Lost status Source of classification or shelving scheme Damaged status Not for loan Collection code Permanent Location Current Location Shelving location Date acquired Source of acquisition Cost, normal purchase price Total Checkouts Full call number Date last seen Copy number Koha item type
  Dewey Decimal Classification     Non-fiction Central Library, University of Rajshahi Central Library, University of Rajshahi     Asia Foundation 0.00   005.265 CAK 1983 17/11/2013 C-4 Books
  Dewey Decimal Classification     Non-fiction Central Library, University of Rajshahi Central Library, University of Rajshahi   11/08/1990 Asia Foundation 0.00   005.265 CAK 1983 17/11/2013 C-5 Books